| 000 | 00369nam a22001577a 4500 | ||
|---|---|---|---|
| 003 | SGT | ||
| 020 | _a97-0-323-05913-8 | ||
| 082 | _a615.85, C12F | ||
| 100 | _aFROWRYELTER, DONNA | ||
| 245 | _aCARDIORASCULAR AND PULMONARY PHYSICAL THERAPY | ||
| 250 | _a5TH | ||
| 260 |
_aDELHI _bELSEVIER _c2012 |
||
| 300 | _a819 | ||
| 650 | _aPHYSICAL THERAPY | ||
| 942 |
_2ddc _cBK _059 |
||
| 999 |
_c8300 _d8300 |
||